Discours de Marc Antoine pour César - Statistiques

Statistiques générales
  • Ce quiz a été pris 2 fois
  • Le résultat moyen est 189 sur 287
Statistiques - réponses
Réponse % Correct
a
100%
autres
100%
aux
100%
(car
100%
ce
100%
de
100%
dire
100%
donc
100%
en
100%
est
100%
et
100%
était
100%
Etait-
100%
Il
100%
il
100%
Je
100%
je
100%
lui
100%
lui ?
100%
mais
100%
me
100%
mon
100%
ne
100%
O
100%
os.
100%
pas
100%
plus
100%
que
100%
Rome
100%
suis
100%
tous,
100%
tous
100%
tu
100%
vous
100%
Vous
100%
ainsi
50%
ambitieux :
50%
ambitieux,
50%
ambitieux ?
50%
ami,
50%
Amis,
50%
après
50%
as
50%
autrefois,
50%
avec
50%
avez
50%
bien
50%
brutes
50%
Brutus
50%
captifs
50%
cause :
50%
cause
50%
ceci
50%
Cependant
50%
César,
50%
César.--
50%
César
50%
César.
50%
César :
50%
chez
50%
coeur
50%
coffres
50%
compatriotes,
50%
contredire
50%
couronne
50%
dans
50%
des
50%
devrait
50%
discernement,
50%
dit
50%
dit,
50%
dont
50%
d'une
50%
dure.--
50%
empêche
50%
enterré
50%
envers
50%
été
50%
être
50%
eux ;
50%
faut
50%
faute
50%
fidèle
50%
fois
50%
font
50%
formée
50%
foule
50%
fui
50%
funérailles
50%
fut
50%
gémi,
50%
grave,
50%
gravement
50%
grossières
50%
homme
50%
hommes
50%
honorable :
50%
honorable.
50%
honorable.--
50%
honorables),
50%
Ici
50%
ici
50%
ils
50%
indulgents
50%
inhumer
50%
jusqu'à
50%
juste
50%
la
50%
50%
l'aimiez
50%
l'ambition
50%
l'ambition ?--
50%
le
50%
Le
50%
les
50%
l'était,
50%
leur
50%
leurs
50%
l'oreille.--
50%
Lorsque
50%
louer.
50%
Lupercales,
50%
mal
50%
m'arrête
50%
matière
50%
moi
50%
moi ;
50%
noble
50%
non
50%
ont
50%
par
50%
parle
50%
parler
50%
parut-
50%
pauvres
50%
perdu
50%
permission
50%
pleuré :
50%
pleurer
50%
point
50%
pour
50%
présentai
50%
prêtez-
50%
publics :
50%
puni.--
50%
qu'aux
50%
quelle
50%
Qu'il
50%
qu'il
50%
raison !--
50%
ramené
50%
rançons
50%
refusa.
50%
rempli
50%
revenu.
50%
roi,
50%
Romains,
50%
sais.--
50%
sans
50%
s'il
50%
soit
50%
sont
50%
souvent
50%
Soyez
50%
sur
50%
sûrement
50%
trois
50%
un
50%
une
50%
viens
50%
vit
50%
vu
50%
cerqueil
0%
Aucun quiz correspondant
Distribution des résultats
% des personnes avec chaque résultat
Percentile par nombre de réponses
Votre historique - résultats
Vous n’avez pas pris ce quiz